000 01399nam a2200289Ia 4500
999 _c56117
_d56117
001 23218
003 GE_BSU
005 20230725162058.0
008 181216s2018||||ge |||||||||||||| ||geo||
020 _a9789941462757
040 _cGE_BSU
041 _ageo
080 _a581.5(479.223) დ-15
100 _aდავითაძე, მურმან-მირიან
_919542
245 _aმწვანე სამკაული :
_bეკოლოგიურ-პუბლიცისტური ნარკვევები, სტატიები, წერილები /
_cმურმან-მირიან დავითაძე ; რედ. რ. დავითაძე.
264 _aბათუმი :
_bბათუმის შოთა რუსთაველის სახ. უნ-ტი,
_c2018.
300 _a235 გვ. ;
_bილ.
_c20 სმ.
541 _h11ლ.81თ.
653 _aეკოლოგიურ-პუბლიცისტური ნარკვევები
653 _aსტატიები
653 _aწერილები
653 _aმწვანე სამკაული
653 _aფლორა
653 _aკოლხეთის მცენარეული სამყარო
700 _aდავითაძე, რ.
_eრედაქტორი
_919543
942 _cBK
_2udc